000 00470nam a2200181Ia 4500
005 20250508160843.0
008 008 250505s9999 xx 000 0 hin d
037 _aTextual
040 _aFEDL
_beng
_cFEDL
041 _ahin
_2hin
084 _aFH, PAN
_qFEDL
100 _aPanikar Rajni
245 0 _aSoonali di
260 _aDelhi, India
_bNational Publishing House
_c1969
300 _a128p.
942 _cTEXL
_hFH, PAN
999 _c1367004
_d1367004